[Event "Bundesliga 1011"]
[Site "Germany"]
[Date "2011.03.20"]
[Round "13.1"]
[White "Eljanov, Pavel"]
[Black "Smeets, Jan"]
[Result "1-0"]
[WhiteElo "2761"]
[BlackElo "2669"]
[Annotator "Eljanov,P/Meyer,CD"]
[PlyCount "69"]
[EventDate "2010.10.09"]
[EventType "team-tourn"]
[EventRounds "15"]
[EventCountry "GER"]
[SourceTitle "CBM 142"]
[Source "ChessBase"]
[SourceDate "2011.05.17"]
[SourceVersion "1"]
[SourceVersionDate "2011.05.17"]
[SourceQuality "1"]
[WhiteTeam "Werder Bremen"]
[BlackTeam "Solingen"]
[WhiteTeamCountry "GER"]
[BlackTeamCountry "GER"]

1. c4 c6 2. Nf3 d5 3. e3 {It was a morning game and I tried to confuse my
opponent by an unusual move order.} Nf6 4. Nc3 g6 $5 {But after all it's me
who was confused as according to my database Jan played this line just once
before this game and I wasn't prepared for it at all.} ({Normally he plays the
Meran} 4... e6) 5. d4 Bg7 6. Be2 O-O 7. O-O {Eine Art Tabija in der
Grünfeld-Verteidigung (Geschlossenes System), seit langem Gegenstand
vielfältiger Untersuchungen und Spielproben.} Bg4 $5 {The modern way of
playing this variation which was further developed on highest level by my
Werder Bremen teammate Vugar Gashimov.} 8. h3 {Played after long meditation.} (
{After} 8. cxd5 {Vugar drew against the World Champion quite convincingly:}
cxd5 9. Qb3 b6 10. h3 Bc8 11. Bd2 Nc6 12. Ne5 Bb7 13. Nxc6 Bxc6 14. Rfc1 Qd7
15. a4 Rfc8 16. a5 bxa5 17. Rxa5 e6 18. Rca1 Bf8 19. Qa2 Rcb8 20. Nd1 Ne4 21.
Be1 Rb7 22. Ba6 Rb6 23. Bd3 Rb7 24. Ba6 Rb6 25. Bd3 Rb7 {1/2 Anand,V (2800)
-Gashimov,V (2719)/Nanjing 2010/CBM 139/[Moradiabadi]}) 8... Bxf3 9. Bxf3 dxc4
10. Qe2 Nbd7 11. Rd1 $5 {Only this move was new to Jan. After it he spent
about one hour on his response.} ({For example after} 11. Qxc4 {Black should
be okay despite the fact that White won in the last Grandmaster game:} e5 12.
Rd1 Qe7 13. Qb3 Rab8 14. Bd2 Rfd8 {Andriasian,Z (2585)-Petrosian,T (2604),
Yerevan ARM 2011, 1:0/41, The Week in Chess 847}) 11... Qa5 $2 {And as so
often very long thinking is followed by a mistake.} ({Most logical and
principled was} 11... Nb6 {and White has full compensation for the pawn but
I'm not sure that it's enough for more than equality:} 12. e4 (12. a4 a5 13. e4
Nfd7 (13... Qc7) 14. Bg5 f6 15. Bh4 (15. Be3) 15... Qe8 16. Bg4 e6 17. d5 $2
exd5 18. exd5 f5 19. dxc6 bxc6 20. Bf3 Qxe2 21. Bxe2 Rae8 22. Bf1 Nc5 23. Rd6
Rc8 24. f3 Be5 {0:1/38, Radziewicz,I (2428) - Varga,Z (2497), Budapest 2007,
CDM}) 12... Qc7 13. e5 Nfd5 14. Ne4 f6 $5 $132) 12. Qxc4 e5 13. b4 $1 {
Probably Jan overlooked this idea. After it Black's position is quite
unpleasant.} Qc7 14. b5 Nb6 15. Qb3 exd4 16. exd4 Rac8 17. Bg5 $1 {Most
consistent way.} ({After} 17. Ba3 {White should also be better:} Rfe8 18. Rac1
Qf4 19. Bc5 Nfd7 {although here Black stands more or less solid.}) 17... Qd6
18. Bh4 Nbd5 19. Bg3 Qd8 20. bxc6 bxc6 21. Rac1 Nxc3 {"?!", CDM} ({I It's hard
to suggest something useful for Black. After} 21... Qa5 22. Na4 Rfe8 23. Nc5 {
White is also much better.}) ({II} 21... Qb6 $5 22. Qc4 (22. Qa3 Rfe8 23. Rb1
Qd8 24. Nxd5 Nxd5) 22... Qa5 23. Nxd5 Nxd5 $14 {ist ebenso zu bedenken, CDM})
22. Rxc3 Nd5 23. Rc5 {"+/-", CDM} Ne7 $6 ({More stubborn was} 23... Qb6 24.
Bxd5 (24. Qc2 $5) 24... cxd5 25. Qxd5 {when White is a sound pawn up but Black
may have some drawing chances:} Rfd8 26. Bd6 $1 {CDM} (26. Rxc8 Rxc8 27. Qe4)
26... Rb8 (26... Qb2 27. Qc4) 27. Rc6 Qb5 28. Qxb5 Rxb5 29. Be7 Rdb8 30. Bc5
$16) 24. Bg4 $1 Ra8 25. Qb7 h5 26. Bc7 ({But not} 26. Bd7 $2 Qb6 27. Bxc6 Bxd4
$1 28. Qxb6 axb6 29. Bxa8 Bxc5 {with a draw}) 26... Qe8 27. Bf3 Nf5 28. Bxc6 (
28. Qxc6 $5 Rc8 29. d5 Qxc6 (29... Be5 30. d6) 30. Rxc6 Nd4 31. Rc5 Nxf3+ 32.
gxf3 {/\d6+-, CDM}) 28... Qe2 (28... Qe7 29. Bh2 Rad8 30. Qxe7 Nxe7 31. d5 $18
{CDM}) 29. Bf3 $2 {Unnecessary complication.} ({My first intention was to play
} 29. Qb1 $1 {and I don't know why I changed it; e.g.} Rac8 (29... Bxd4 30.
Rxf5) 30. Bd7 Nxd4 31. Bxc8 Rxc8 32. Re1 Qa6 33. Bd6 $18) 29... Qxa2 30. Rxf5 {
'!' CDM.} gxf5 31. d5 (31. Bd6 {CDM} a5 32. Bxf8 Rxf8) 31... a5 32. d6 {
When I played 29.Bf3 I thought that it should be winning easily. But here I
was surprised that I didn't see how to win by force. Fortunately Jan was in
time trouble and lost at once.} Be5 $2 ({After the straightforward} 32... a4
33. d7 a3 {the best I have are some endgames with a pawn up but with very good
drawing chances for Black, e.g.} 34. Qc6 $1 (34. Qxa8 Rxa8 35. Bxa8 Bf6 36.
d8=Q+ Bxd8 37. Rxd8+ Kh7 38. Be5 Qb1+ 39. Kh2 Qe1 $11) (34. d8=Q Raxd8 35. Bxd8
Qb2 $1 36. Qxb2 Bxb2 37. Be7 a2 $11) 34... Qb3 $1 (34... Qb2 $5 35. Qd6 a2 36.
Bxa8 Rxa8 37. d8=Q+ Rxd8 38. Qxd8+ Kh7 39. Qg5 a1=Q 40. Qxh5+ Kg8 41. Rxa1
Qxa1+ 42. Kh2 $16) 35. d8=Q Raxd8 36. Bxd8 Qe6 {(This computer line is for
humans almost impossible to find over the board.)} 37. Qa4 a2 38. Bh4 Kh7 {
and now there is nothing better than} 39. Bd5 (39. Bxh5 Rb8) 39... Qxd5 40.
Rxd5 a1=Q+ 41. Qxa1 Bxa1 42. Rxf5 Kg6 $14 {which is not completely drawn but
very close to}) 33. Qb5 Qe6 34. Bxa8 Rxa8 35. Re1 {and Black resigned} (35. Re1
{, e.g.} Bh2+ 36. Kf1 Qc8 37. g3 $18 {CDM}) 1-0

[Event "San Agustin op 08th"]
[Site "Aviles"]
[Date "2003.08.18"]
[Round "4.2"]
[White "Mamedov, Rauf"]
[Black "Erenburg, Sergey"]
[Result "1/2-1/2"]
[WhiteElo "2409"]
[BlackElo "2512"]
[Annotator "Erenburg,S"]
[PlyCount "149"]
[EventDate "2003.08.16"]
[EventType "swiss"]
[EventRounds "9"]
[EventCountry "ESP"]
[SourceTitle "CBM 097"]
[Source "ChessBase"]
[SourceDate "2003.11.11"]
[SourceVersion "1"]
[SourceVersionDate "2003.11.11"]
[SourceQuality "1"]

1. e4 c6 2. Nf3 d5 3. exd5 cxd5 4. c4 $5 {It's not the first time my opponent
chooses this order of moves as attempt to get the advantage agianst the
Caro-Cann defence.} Nf6 5. cxd5 Nxd5 6. Nc3 {transforming to a popular
theoretical line, which is usually arised after the following moves: 1.e4 c6 2.
c4 d5 3.cxd5 cxd5 4.exd5 Nf6 5.Nc3 Nxd5 6.Nf3. White can continue 6.Bc4,
creating type of positions from Panov attack:} (6. Bc4 e6 (6... Nb6 7. Bb3 Bf5
8. d4 e6 9. O-O Nc6 10. Nc3 Be7 11. d5 $11 {1/2-1/2 Mamedov,R-Kacheishvili,G/
BCSA Open, Batumi GEO 2003 (25)}) (6... Nc6 7. d4 Bg4 8. h3 Bxf3 9. Qxf3 e6 $11
{1/2-1/2 Stocek,J-Meduna,E/CZE 2001/EXT 2003 (22)}) 7. O-O Be7 8. d4 Nb6 $6 (
8... O-O 9. Nc3 b6 10. Qe2 Bb7 11. Re1 Nc6 12. Nxd5 exd5 13. Bb5 Bf6 $11 {
1-0 Kritz,L-Schandorff,L/4th IECC, Istanbul TUR 2003 (52)}) (8... Nc6 9. Nc3 a6
10. Re1 O-O 11. a3 b5 12. Bd3 (12. Ba2 Nxc3 13. bxc3 Bb7 $11 {1/2-1/2
Sargissian,G-Volkov,S/Batumi 2002/CBM 90 (63)}) 12... Bb7 13. Nxd5 Qxd5 14. Be4
Qd7 15. Qd3 h6 16. Bf4 Bd6 17. d5 Nb4 18. axb4 Bxf4 19. dxe6 {1/2-1/2 Banikas,
H-Volkov,S/Korinthos 2002/CBM 89 ext (19)}) 9. Bb3 N8d7 10. Nc3 Nf6 11. Ne5 O-O
12. Qd3 $14 {1/2-1/2 Mamedov,R-Bachin,V/WJun, Nakhchivan AZE 2003 (50)}) 6...
Nxc3 (6... Nc6 7. d4 {transforms to Panov attack variation.}) 7. bxc3 g6 8. Bc4
{Rare continuation. Usually white continues} (8. d4 {developing the
light-squared bishop on d3.}) 8... Bg7 (8... Nc6 9. O-O Bg7 10. Re1 O-O 11. Ba3
Bg4 12. d4 Qa5 13. Qb3 Bxf3 14. gxf3 Qg5+ 15. Kh1 Qh5 $11 {1/2-1/2 Benjamin,
J-Simutowe,A/Foxwoods Open, Connecticut USA 2003 (29)}) 9. O-O {In the
previous games white tried to weaken the dark squares in the black camp with} (
9. Ng5 O-O 10. Qf3 e6 11. d4 Nc6 12. O-O Na5 13. Bd3 Bd7 14. Rb1 Rc8 15. Ne4 (
15. Qh3 h6 16. Ne4 e5 $11 {1/2-1/2 Gofshtein,L-Khenkin,I/Ischia 1996/CBM 54 
(36)}) 15... Bc6 16. Qg3 Bxe4 17. Bxe4 Qd7 $11 {0-1 Morozevich,A-Karpov,A/
Moscow 1992/EXT 97 (30)}) 9... O-O 10. Re1 Qc7 11. Bb3 Nc6 12. Ba3 Bf6 $1 {
defending the e7 pawn, that gives black extra resourse of transfering the
knight to c4 via a5.} ({Deserved attention:} 12... Bg4 $11) 13. Qe2 Bf5 14.
Rac1 Rac8 $11 {This position is typical for such pawn structure. As the
opponents have occupied quite a good positions by their pieces, I would
evaluate it as an approximately equal.} 15. h3 h5 {Black had another
interesting possibility, but it isn't so easy to evaluate the results of the
following variation:} (15... Na5 16. Bxe7 Rfe8 17. Bxf6 Rxe2 18. Rxe2 Nxb3 19.
axb3 $13 {[%csl Gf6] It is really the position with the chances for both of
sides. Black can achieve a material advantage, taking the h3 or b3 pawn. On
the other hand, white has a very active pieces, such as a dark-squared bishop,
the knight, which has good prospect on d4, and, probably, he is going to
occupy the open "e" line by his rooks...}) 16. d4 {Sooner or later white has
to make this move.} Na5 17. c4 {preventing from black to occupy the c4 square
by the knight.} (17. Bxe7 Rfe8 18. Bxf6 Rxe2 19. Rxe2 Qb6 $13) 17... Nxb3 18.
axb3 Rfd8 19. d5 e6 20. dxe6 (20. d6 {doesn't work, in view of} Qa5 $1 {
[%csl Gf6][%cal Yf6a1]}) 20... Bxe6 21. Bb2 $1 $14 {/=. Trading dark-squared
bishops, white emphasizes the weaknesses in the black camp.} Qf4 {not giving
up on a long diagonal a1-h8.} 22. Bxf6 Qxf6 23. Qe3 a6 24. Rcd1 {Of course,
white is interested in exchange of the rooks, as the Q+N is a powerful
combination. In opposite black needs the trade of queens, as R+B is stronger
than R+N.} Bf5 25. Ne5 Rxd1 {Black has to change white's active rook.} 26. Rxd1
Rd8 27. Rd4 {Maybe better was} (27. Rxd8+ Qxd8 28. c5 $14 {[%cal Ge5c4] And
white has some chance in this endgame, thanks to a powerful combination of Q+N.
}) 27... Rxd4 28. Qxd4 Be6 $11 29. b4 $2 {losing the pawn, but white has a
luck... All the pawns on the queenside are going to be eliminated, and the QQ
endgame is absolutely drawish.} (29. f4 $142 Qf5 $11 {[%cal Gf5b1]}) {[%tqu
"En","Please find the best move for black.","","","e6c4","",10]} 29... Bxc4 $1
30. Qxc4 Qxe5 31. Qc8+ Kg7 32. Qxb7 Qe1+ 33. Kh2 Qxf2 34. Qxa6 Qf4+ 35. Kh1
Qxb4 36. Qa1+ Kh7 37. Qf6 Qe1+ 38. Kh2 Qe6 39. Qd4 f6 40. Qa7+ Kh6 41. Qa8 {
Black doesn't succeed to realize extra pawn, as he can't advance his pawns,
because of perpetual check.} Kg5 42. Qd8 Qe1 43. Qa8 h4 44. Qc8 Qe5+ 45. Kh1
Qd4 46. Qc1+ Qf4 47. Qc5+ Qe5 48. Qc1+ Kf5 49. Qc8+ Qe6 50. Qc5+ Kf4 51. Qf2+
Kg5 52. Qd2+ Kh5 53. Qd1+ Kh6 54. Qd8 {White chooses a right strategy of
occupying the 8-th rank by the queen, as from there it is comfortable to give
many checks.} g5 55. Kh2 Kg6 56. Kh1 f5 57. Kh2 Qe5+ 58. Kh1 Qe1+ ({Doesn't
work} 58... g4 {, in view of} 59. hxg4 (59. Qxh4 $4 g3) 59... Qe1+ 60. Kh2 $11
{with following perpetual check.}) 59. Kh2 Qe6 60. Kh1 f4 61. Qd3+ Kh6 62. Qc3
Kh7 63. Qd3+ Kg7 64. Qc3+ Kf7 65. Qc7+ Kf6 66. Qc3+ Kf5 67. Qd3+ Qe4 68. Qd7+
Kg6 69. Qd6+ Kh5 70. Qf6 {Now black hasn't any chance to win, as his king is
located very bad.} Qe1+ 71. Kh2 Qg3+ 72. Kh1 Qe1+ 73. Kh2 Qg3+ 74. Kh1 Qe1+ 75.
Kh2 1/2-1/2

[Event "Athens Akropolis 15th"]
[Site "Athens"]
[Date "1992.05.14"]
[Round "1"]
[White "Vragoteris, Antonios"]
[Black "Wojtkiewicz, Aleksander"]
[Result "0-1"]
[WhiteElo "2360"]
[BlackElo "2495"]
[Annotator "Ernst,T"]
[PlyCount "98"]
[EventDate "1992.05.14"]
[EventType "tourn"]
[EventRounds "9"]
[EventCountry "GRE"]
[EventCategory "8"]
[SourceTitle "CBM 030"]
[Source "ChessBase"]
[SourceDate "1992.10.01"]
[SourceVersion "1"]
[SourceVersionDate "1992.10.01"]
[SourceQuality "1"]

1. d4 Nf6 2. c4 c5 3. e3 g6 4. Nc3 Bg7 5. Nf3 O-O 6. Be2 d5 7. h3 (7. O-O Nc6
8. Re1 cxd4 9. exd4 Be6 10. c5 Ne4 11. Bf4 Qa5 12. Nb5 Rac8 13. Qd3 a6 14. Na3
Qb4 15. Nc2 Qxb2 16. Reb1 Qc3 17. Rxb7 Bf5 18. Rd1 Qa5 $17 {Backelin-Ernst,
Stockholm 1992.}) 7... cxd4 8. exd4 Nc6 9. O-O Be6 10. c5 Ne4 11. Bf4 Qa5 (
11... Nxc3 12. bxc3 b6 13. Qa4 Bd7 14. Qa3 Na5 $10 {Sturua- Gavrikov, Tiflis
1983.}) 12. Nb5 Rac8 13. a3 Qd8 14. Rc1 b6 15. b4 bxc5 16. bxc5 Qa5 $1 $132 17.
Nd2 a6 18. Nb3 Qa4 19. Nc7 Nxd4 20. Nxd4 Qxd4 21. Bxa6 Rcd8 22. Qxd4 Bxd4 23.
c6 $6 (23. Nxe6 fxe6 24. Be3 Bxe3 25. fxe3 Rxf1+ 26. Kxf1 Ra8 27. Bb7 Rxa3 28.
c6 Nd6 29. c7 Ra7 30. c8=Q+ Nxc8 31. Bxc8 $16) (23. Nxe6 fxe6 24. Be3 Nxc5 25.
Rxc5 Bxc5 26. Bxc5 $16) 23... Bf5 $1 24. g4 g5 25. Bh2 Bc8 26. Bxc8 Rxc8 27.
Nxd5 Rfe8 28. c7 e6 29. Nb4 Bb2 30. Rc4 $4 Nd2 $1 $17 31. Rc2 Nxf1 32. Rxb2
Nxh2 33. Kxh2 Rxc7 $19 34. Rd2 Ra8 35. Rd3 Rca7 36. Nc2 Kg7 37. Kg2 Ra4 38. Rd7
R8a7 39. Rd8 Rc4 40. Ne3 Rc3 41. Nf1 Rcxa3 42. Ng3 Ra8 43. Nh5+ Kg6 44. Rd7
R3a7 45. Rd6 h6 46. Kg3 Ra3+ 47. Kg2 Rb3 48. Rd7 Rb2 49. Re7 Raa2 0-1

[Event "Reykjavik op"]
[Site "Reykjavik"]
[Date "2018.03.10"]
[Round "5"]
[White "Moradiabadi, Elshan"]
[Black "Nihal, Sarin"]
[Result "0-1"]
[WhiteElo "2535"]
[BlackElo "2534"]
[Annotator "Fernandez,D"]
[PlyCount "88"]
[EventDate "2018.03.06"]
[EventType "swiss"]
[EventRounds "9"]
[EventCountry "ISL"]
[SourceTitle "CBM 184"]
[Source "ChessBase"]
[SourceDate "2018.05.16"]
[SourceVersion "1"]
[SourceVersionDate "2018.05.16"]
[SourceQuality "1"]

1. d4 Nf6 2. Nf3 g6 3. c4 Bg7 4. e3 {Quiet chess it is today. In the next few
moves, both sides bring their pieces out in unremarkable fashion.} O-O 5. Be2
b6 6. O-O Bb7 7. Nc3 e6 8. b3 d5 9. Ba3 Re8 10. Rc1 a6 (10... Nbd7 {was maybe
a better move order, because of the next note.}) 11. Ne5 Nbd7 12. Nxd7 (12. f4
$5 {always deserves consideration straight after Ne5, and this is no exception.
} c5 13. Bf3 (13. dxc5 $5 Nxc5 14. cxd5 Nxd5 15. Nxd5 Bxd5 (15... exd5 16. Bb2
$14) 16. Bf3 Rc8 17. Rf2 {and Black might be in some discomfort here too})
13... Nxe5 (13... cxd4 14. Qxd4 $1 Nxe5 15. fxe5 Nd7 16. Bd6 f6 17. cxd5 Nxe5
18. Bxe5 fxe5 19. Qd3 $14) 14. dxe5 Ne4 15. cxd5 exd5 16. Bb2 {We have reached
a position that is almost 'hanging pawns' but not quite. White wants Qd3 and
Rfd1 and while the computer insists Black is fine, this may not in fact be
true.}) 12... Qxd7 13. Bf3 {While objectively may be fine, the problem with
this is that Black's position plays itself- at least the type he ended up with
in the game.} (13. Qc2 $5 {with the idea of Rfd1 might have been more testing
- Black has to decide what structure to try and play, since his breaks that
disrupt the structure entirely seem to not be easy to arrange. One possibility
is} dxc4 14. bxc4 Rad8 $132 {with the idea of ...Qc8 and ...c5.}) 13... Ne4 14.
cxd5 exd5 15. Nxe4 dxe4 16. Bg4 f5 17. Be2 b5 {Avoiding Bc4 after ...Bd5,
thereby signalling what he wants to play next.} 18. Qc2 Rec8 19. f4 $6 (19. Bc5
Bd5 20. a4 c6 $11 {is not bad for White, if a little bit prospectless.}) 19...
exf3 20. Bxf3 Bxf3 21. Rxf3 c6 $15 {Now Black gets the kind of light-squared
domination that Caro-Kann and Petroff players (among others) quite often end
up with.} 22. Bb4 Qd5 23. Qc5 Bf8 $1 {A mature move, recognising that the
advantage need not be kept in the form of a better minor piece, but it can be
realised in the form of c-file control too.} 24. Qxd5+ cxd5 25. Bc5 (25. Rxc8 {
was nevertheless a good option.} Rxc8 26. Bxf8 Rxf8 $1 (26... Kxf8 27. g4 $11)
27. Rf2 Rc8 28. Re2 Rc3 29. Kf2 Kf7 $15 {This position is unpleasant for White,
but drawn with best play.}) 25... Rc6 26. b4 h5 {Now the position is
complicated enough that we cannot speak of a white fortress, but neither are
there any breaks, so the defence is rather depressing.} 27. a4 {Human players
never sit still!} (27. h4 Bh6 28. g3 Re6 29. Rc3 $15 {is a fortress attempt,
but Black can play around with little things before eventually making the ...
a5 or ...g5 break.}) 27... bxa4 28. Ra1 Bh6 29. Rxa4 Re8 {Now the position is
probably lost, or else requiring supercomputer precision.} 30. Kf2 Re4 31. g3
h4 32. Ra3 Kf7 33. Kg2 (33. gxh4 Rxh4 34. h3 Re4 35. Ke2 Rce6 36. Kf2 Bg5 {
and in a few moves Black will be ready to play ...g5.}) 33... Kf6 34. gxh4 Rxh4
35. Rc3 Kf7 36. Rb3 Re4 37. Rh3 {Giving Black for free that which he wanted,
but I don't think it could be stopped in the long run anyway.} g5 38. Rf3 Kg6
39. h3 g4 40. hxg4 fxg4 41. Rg3 Rce6 42. Kf2 Kf5 43. Ba7 Bg5 44. b5 Bh4 {
Another great game by Sarin Nihal!} 0-1

[Event "RUS-CHN Summit (Women) 10th"]
[Site "Moscow"]
[Date "2016.06.15"]
[Round "5.2"]
[White "Gunina, Valentina"]
[Black "Shen, Yang"]
[Result "0-1"]
[WhiteElo "2518"]
[BlackElo "2472"]
[Annotator "Fischer,J"]
[PlyCount "110"]
[EventDate "2016.06.11"]
[EventType "schev"]
[EventRounds "5"]
[EventCountry "RUS"]
[SourceTitle "CBM 173 Extra"]
[Source "ChessBase"]
[SourceDate "2016.08.29"]
[SourceVersion "1"]
[SourceVersionDate "2016.08.29"]
[SourceQuality "1"]
[WhiteTeam "Russia (W)"]
[BlackTeam "China (W)"]
[WhiteTeamCountry "RUS"]
[BlackTeamCountry "CHN"]

1. d4 d5 2. c4 c6 3. Nf3 Nf6 4. e3 g6 5. Nc3 Bg7 6. Bd3 O-O 7. h3 c5 8. O-O
dxc4 9. Bxc4 Nbd7 10. Qe2 cxd4 11. exd4 Nb6 12. Bb3 Nbd5 13. Bg5 h6 14. Bxf6
Nxc3 15. bxc3 Bxf6 16. Rfe1 Kg7 17. Ne5 Qc7 18. Qf3 Bd7 19. Qg3 Bf5 20. Rac1
Rad8 21. h4 h5 22. Qf4 Qd6 23. Re3 Bxe5 24. Rxe5 Qf6 25. Rce1 {[#]} Be6 $2 {
Now Black loses a pawn.} (25... e6 {After} 26. Rc5 Rfe8 {the position is
roughly equal - White has the better pieces but Black has the better structure.
}) 26. Qg3 Bxb3 27. axb3 e6 28. Rxh5 Rh8 29. Rxh8 Rxh8 30. Re4 Qf5 31. Qe3 b5
32. b4 a6 33. g3 Rc8 34. Rf4 Qd5 35. Kh2 Ra8 36. Rg4 $6 {White maneuvers her
rook into a precarious position. Safer was} (36. Re4) 36... f5 37. Rg5 Rh8 38.
Qf4 Kf6 39. Kg1 Kf7 40. Kh2 Kf6 41. Rg4 Rg8 42. Qg5+ Kf7 43. Rf4 Qc6 {[#]This
gives White a chance to liberate her rook. Safer was} (43... Rh8) 44. d5 $1
Qxd5 ({After} 44... exd5 {White opens the position with} 45. h5 {and keeps a
clear advantage.}) 45. Rd4 Qc6 46. Qd2 Re8 47. Rd6 Qf3 48. Rxa6 Rd8 49. Ra7+
Ke8 50. Qa2 Kf8 {[#]} 51. Rc7 $2 {White is a pawn up but as both kings are in
danger it is not easy to win the position with White. However, the engines
quickly discover a tactical trick to neutralize Black's attack and reach a
better endgame:} (51. Rh7 $1 {On first sight this looks like a blunder because
of} Rd1 {threatening mate. But White saves herself with} 52. Qa8+ $1 Qxa8 53.
Rh8+ Kg7 54. Rxa8 {with good winning chances.}) 51... f4 52. g4 $2 {White
panicks.} ({It was still not too late for} 52. Rh7 {e.g.} Rd3 53. Qa8+ Qxa8 54.
Rh8+ Kg7 55. Rxa8 Rxc3 56. Rb8 Rc2 {with good winning chances for White.})
52... Qxg4 {Suddenly White is totally lost. The h-pawn is hanging and Black
threatens ...f3 or ...Rd3.} 53. Qa7 Qxh4+ 54. Kg2 f3+ 55. Kxf3 Rd3+ {White
resigned. A bitter loss for Valentina Gunina and a lucky win for Shen Yang.}
0-1

[Event "World Cup"]
[Site "Reykjavik"]
[Date "1991.??.??"]
[Round "5"]
[White "Gulko, Boris F"]
[Black "Salov, Valery"]
[Result "1-0"]
[WhiteElo "2565"]
[BlackElo "2665"]
[Annotator "Ftacnik,L"]
[PlyCount "75"]
[EventDate "1991.09.??"]
[EventType "tourn"]
[EventRounds "15"]
[EventCountry "ISL"]
[EventCategory "16"]
[SourceTitle "CBM 026"]
[Source "ChessBase"]
[SourceDate "1992.02.01"]
[SourceVersion "1"]
[SourceVersionDate "1992.02.01"]
[SourceQuality "1"]

1. Nf3 d5 2. c4 c6 3. e3 Nf6 4. Nc3 g6 5. d4 Bg7 6. Be2 O-O 7. O-O b6 8. cxd5
cxd5 9. Ne5 $5 {N} (9. Bd2) 9... Bb7 10. Bd2 Nfd7 (10... Nc6 11. f4 $14) 11. f4
f6 12. Nf3 (12. Nd3 $5 e6 13. Nb5 $36) 12... Rf7 13. Bd3 Nf8 14. f5 (14. g4 $5
e6 15. g5 $14) 14... gxf5 15. Bxf5 e6 (15... Ba6 $5 16. Rf2 e6 17. Bc2 Nc6 $13)
16. Bd3 Nc6 (16... Ba6 $5) 17. Ne2 $1 Qd6 18. Ng3 Ng6 19. Nh5 Bh8 $6 (19... Bf8
) 20. Qe2 (20. Qc2 $5) 20... Raf8 21. a3 (21. Kh1 e5 $6 22. dxe5 fxe5 23. e4 $1
) 21... e5 22. dxe5 (22. Bf5 $14) 22... fxe5 23. Ng5 Rxf1+ 24. Rxf1 Bc8 $2 (
24... h6 $1 25. Rxf8+ Nxf8 26. Nh3 e4 $132) 25. Rxf8+ Qxf8 (25... Nxf8 26. Qf3
Nd8 27. Bb4 Qh6 28. Qxf8+ Qxf8 29. Bxh7#) 26. Be4 $1 Nce7 27. Bb4 $1 Bb7 28.
Qg4 Qc8 (28... Bc8 29. Bxe7 Bxg4 30. Bxd5+ $18) 29. Qf3 Qf8 (29... Qe8 30. Qh3
Qc6 31. Nf6+ Qxf6 32. Qxh7+ Kf8 33. Bxg6 Bg7 34. Bf7 $18) 30. Qh3 Qc8 31. Nf6+
$1 Kg7 32. Qxh7+ Kxf6 33. Bxe7+ Nxe7 34. Qh6+ Ng6 35. Qxg6+ Ke7 36. Qh7+ Kd6
37. Nf7+ Kc7 38. Bf5 {Ftacnik,L} 1-0